000 00370nam a2200145Ia 4500
005 20250401050539.0
008 240331s9999 xx 000 0 und d
082 _bVAN
_a894
245 0 _aVanathi sirappu sirukathaikal
260 _aChennai
_bVanathi Pathippagam
_c1992
300 _a351 p., ( c - 3)
650 _aShort Stories
700 _aMakaram.
_eedt
942 _cL
999 _c4234
_d4234